House made of dawn / (Record no. 2808)
[ view plain ]
| 000 -LEADER | |
|---|---|
| fixed length control field | 00596nam a2200193 ar4500 |
| 001 - CONTROL NUMBER | |
| control field | 2810 |
| 005 - DATE AND TIME OF LATEST TRANSACTION | |
| control field | 20221127090610.0 |
| 008 - FIXED-LENGTH DATA ELEMENTS--GENERAL INFORMATION | |
| fixed length control field | 120328s xxu 0001f|eng d |
| 020 ## - INTERNATIONAL STANDARD BOOK NUMBER | |
| International Standard Book Number | 0060931952(pbk) |
| 082 04 - DEWEY DECIMAL CLASSIFICATION NUMBER | |
| Classification number | 813.54 |
| Item number | M739 1999 |
| 100 1# - MAIN ENTRY--PERSONAL NAME | |
| Personal name | Momaday, N. Scott. |
| 245 10 - TITLE STATEMENT | |
| Title | House made of dawn / |
| Statement of responsibility, etc. | N. Momaday. |
| 260 ## - PUBLICATION, DISTRIBUTION, ETC. | |
| Place of publication, distribution, etc. | New York : |
| Name of publisher, distributor, etc. | Perennial Classics, |
| Date of publication, distribution, etc. | 1999. |
| 300 ## - PHYSICAL DESCRIPTION | |
| Extent | 198 p. ; |
| Dimensions | 20 cm. |
| 500 ## - GENERAL NOTE | |
| General note | Originally published : New York : Harper & Row, 1966. |
| 650 #4 - SUBJECT ADDED ENTRY--TOPICAL TERM | |
| Topical term or geographic name entry element | Historical fiction. |
| 650 #4 - SUBJECT ADDED ENTRY--TOPICAL TERM | |
| Topical term or geographic name entry element | American fiction |
| Chronological subdivision | 20th century. |
| 650 #4 - SUBJECT ADDED ENTRY--TOPICAL TERM | |
| Topical term or geographic name entry element | Indians of North America |
| Form subdivision | Fiction. |
| Withdrawn status | Lost status | Source of classification or shelving scheme | Damaged status | Not for loan | Home library | Current library | Date acquired | Total Checkouts | Full call number | Barcode | Date last seen | Copy number | Price effective from | Koha item type |
|---|---|---|---|---|---|---|---|---|---|---|---|---|---|---|
| CENTRAL | CENTRAL | 11/27/2022 | 813.54 M739 1999 | 1000000007577 | 11/27/2022 | C1 | 11/27/2022 | Book |
